1890 1792 1702 1165 1892 1178 1026 1852 1097 1513 1941 1623 1315 1134 1634 1569 1840 1498 1237 1342 1505 1295 1666 1352 1401 1818 1778 1682 1965 1404 1890 1122 1332 1271 1284 1699 1134 1320 1141 1564 1538 1884 1822 1409 1381 1385 1785 2000 1128 1687 1885 1201 1379 1820 1194 1062 1765 1047 1511 1372 1269 1163 1265 1170 1434 1806 1242 1338 1528 1142 1541 1454 1151 1891 1959 1555 1020 1281 1881 1679 1309 1633 1490 1174 1128 1740 1521 1974 1697 1334 1127 1883 1607 1433 1616 1801 1596 1478 1405 BCNSPRNW ULIB Ver.6.0+V

เปลี่ยนเป็นภาษาไทย

Change to English
 แสดงรายละเอียดบรรณานุกรม
  กลับหน้าหลัก

Brief Record : Get Marc (ISO 2709) : E-mail record : QR code < ปิดหน้าต่าง
LEADER : 00000nam 2200000uu 4500
001    13399114444
003     ULIB
008    120402s2540||||th 000 0 tha d
020    ^a9748991474 (ล.1)
020    ^a9745890294 (ล.2)
040    ^acl
060 04 ^aQT104^bช687ส ล.1-2 2540
100 0  ^aชูศักดิ์ เวชแพศย์,^d2477-
245 10 ^aสรีรวิทยาของมนุษย์ /^cชูศักดิ์ เวชแพศย์
250    ^aพิมพ์ครั้งที่ 3
260    ^aกรุงเทพฯ :^bสวัสดีการพิมพ์,^c2540
300    ^a2 เล่ม :^bภาพประกอบ ;^c26 ซม.
500    ^aSend to Single Search
650  4 ^aสรีรวิทยา
653    ^aผลงานอาจารย์คณะแพทยศาสตร์ศิริราชพยาบาล
945    ^p300^l0^i13782
995    ^aกัณชพร
999 ^a ใช้งานได้ทุกระบบ
รายการนี้ยังไม่มีแท็ก
คุณยังไม่ได้ล็อกอิน คุณสามารถมีกิจกรรมร่วมกับเว็บไซต์ได้ แต่ต้องล็อกอินก่อน ::
  ล็อกอิน

รายการสื่อสารสนเทศ

ลำดับที่ ประเภท เลขเรียก/บาร์โค้ด สถานที่ สถานะ
- ไม่พบข้อมูล -

รายการใกล้เคียง
    หัวเรื่อง [สรีรวิทยา]

BibComment


ยังไม่เคยถูกคอมเมนท์

คอมเมนท์ทรัพยากรรายการนี้
  คอมเมนท์: สรีรวิทยาของมนุษ..


 Copyright 2026. Bcnsprnw @Library